Bharat aur Tibbat (Record no. 501868)

000 -LEADER
fixed length control field 00274cam a22000977a 4500
008 - FIXED-LENGTH DATA ELEMENTS--GENERAL INFORMATION
fixed length control field 180718b2003 xxu||||| |||| 00| 0 eng d
100 ## - MAIN ENTRY--PERSONAL NAME
Personal name Kranti, Vijay
245 ## - TITLE STATEMENT
Title Bharat aur Tibbat
Statement of responsibility, etc. edited by Vijay Kranti
260 ## - PUBLICATION, DISTRIBUTION, ETC.
Place of publication, distribution, etc. New Delhi
Name of publisher, distributor, etc. Tibbat Desh Prakashan
Date of publication, distribution, etc. 2003
300 ## - PHYSICAL DESCRIPTION
Extent 271p.
Holdings
Withdrawn status Lost status Damaged status Not for loan Permanent Location Current Location Date acquired Barcode Date last seen Price effective from Koha item type
        Indian Institute of Public Administration Indian Institute of Public Administration 2018-08-04 GR17232 2018-08-04 2018-08-04 GR

Powered by Koha